000 00563nam a2200217Ia 4500
005 20250923144424.0
008 008 250917s9999 xx 000 0 eng d
037 _aTextual
040 _aDSWL
_beng
_cDSWL
041 _aeng
_2eng
084 _aMY
_qDSWL
100 _aSheff, Alexander L
_9824744
245 0 _aHow to write for all occasions
_cby Alexander L Sheff
260 _aNew York
_c1942
300 _a278 p.
365 _aINR
_b5
700 _aEdna Inglalls
_9824745
925 _g5
942 _cTEXL
_hMY
999 _c1438642
_d1438642